000 00618nam a22002177a 4500
003 UA-OsUOA
001 48228
007 ta
008 20070831b un ||||| |||| 00| 0 ukr d
090 _a012:929
_bГ75
942 _cBK
040 _aUA-OsUOA
_bukr
_cUA-OsUOA
_dUA-OsUOA
245 _aПавло Грабовський
_bБібліографічний покажчик
300 _a78 с.
955 _a2
041 _aukr
080 _a012:929
260 _aК.
_bНаукова думка
_c1964
650 7 _a01 Бібліографія і бібліографії. Каталоги
_2UDC
999 _c334312
_d334312